Unix and linux system administration handbook / (Record no. 170015)

MARC details
000 -LEADER
fixed length control field 00772nam a22002417a 4500
005 - DATE AND TIME OF LATEST TRANSACTION
control field 20191210115432.0
010 ## - LCCN (DPL NO)
LC control number ENG-127046
020 ## - INTERNATIONAL STANDARD BOOK NUMBER
Terms of availability 959.00
International Standard Book Number 9789353062859
035 ## - SYSTEM CONTROL NUMBER
System control number EN-110578
037 ## - SOURCE OF ACQUISITION
Source of stock number/acquisition DBAD/PUB
082 ## - DEWEY DECIMAL CLASSIFICATION NUMBER
Classification number 005.432
245 ## - TITLE STATEMENT
Title Unix and linux system administration handbook /
Statement of responsibility, etc by Evi Nemeth ...[et al]
260 ## - PUBLICATION, DISTRIBUTION, ETC. (IMPRINT)
Place of publication, distribution, etc Noida
Name of publisher, distributor, etc Pearson India Education
Date of publication, distribution, etc 2020
270 ## - ADDRESS
Address 15th Floor, Tower-B, World Trade Tower, Plot No.1, Block-C, Sector 16
City Noida, Uttar Pradesh
Postal code 201301
Telephone number 044-66540100
300 ## - PHYSICAL DESCRIPTION
Extent xlvi;1084
Dimensions 23cm(pbk)
500 ## - GENERAL NOTE
General note Includes index
700 ## - ADDED ENTRY--PERSONAL NAME
Personal name Nemeth, Evi
700 ## - ADDED ENTRY--PERSONAL NAME
Personal name Snyder, Garth
700 ## - ADDED ENTRY--PERSONAL NAME
Personal name Hein, Trent R.
700 ## - ADDED ENTRY--PERSONAL NAME
Personal name Whaley, Ben
700 ## - ADDED ENTRY--PERSONAL NAME
Personal name Mackin, Dan
942 ## - ADDED ENTRY ELEMENTS (KOHA)
Source of classification or shelving scheme Dewey Decimal Classification
Item type English Books
Classification part 005.432
Call number suffix UNI
Holdings
Withdrawn status Lost status Not for loan Collection code Home library Current library Date acquired Source of acquisition Cost, normal purchase price Full call number Barcode Copy number Cost, replacement price Koha item type
      Non-fiction Ashok Vihar Ashok Vihar 10/12/2019 DBAD/PUB 959.00 005.432 UNI EN-110578 1 959.00 English Books

© Delhi Public Library
Hit Counter
free hit counter